000 00845cab a2200217 4500
001 X3464
008 090401t1996 xxu||||| |||| 00| 0 eng d
035 _a(Sirsi) u30684
041 _aeng
245 _aLangbaurgh-on-Tees BC and Rogers
260 _c1996
350 _a0
490 _aPlanning Appeal Decisions
_v(1996) 11 PAD 328-330(3)
520 _aErection of stables without planning permission - council failed to meet deadline for submission of statement of case - Inspector grants permission on deemed application and directs enforcement notice be quashed - condition imposed stables not to be used for commercial purposes. (HEADNOTE FROM JOURNAL).
650 _aENFORCEMENT NOTICE
650 _aPLANNING PERMISSION
650 _aSTABLES
690 _aPLANNING LAW AND PRACTICE-CASE LAW
942 _n0
948 _c04/03/1997
999 _c20682
_d20682